| 000 | 00410nam a2200133Ia 4500 | ||
|---|---|---|---|
| 003 | GCL | ||
| 008 | 140319s9999 xx 000 0 ara d | ||
| 040 |
_aGCL / _cGCL |
||
| 082 | 0 | 4 |
_a245.8 _bا ا |
| 100 | 1 | _aالاشعرى، ابوالحسن على بن اسما | |
| 245 | 1 | 0 |
_aالابانة عن اصول الديانة / _cالاشعرى، ابوالحسن على بن اسما |
| 300 | _a76 ص | ||
| 490 | _a | ||
| 999 |
_c37922 _d37922 |
||